LEADER 00843nam a2200217 i 4500 001 000000070218 003 CaOOAMICUS 005 20260429094934.0 008 130703s1843 xx u000 u fre u 013 $a41390 040 $aSeMil$bita 100 1 $aBacon, Francis,$d<1561-1626>.$0(OLS)http://semarc/name/2789 245 10$aNouvel Organum, Essais de morale et de politique, De la sagesse des anciens. 300 $aiv, 504 p. 773 0 $aBacon, Francis <1561-1626>$tOeuvres de Bacon.$dParis : Charpentier, 1843-$g2$w()4382 850 $aSeMil 852 $aSeMil$W1$xVenegono$y1$m2P II 139 FA$j36371$B36371$CSeMilBibl$Z2$F36374 $8I 941 1 $a10 961 $aRecupero: Mantegazza 996 $6245$aNouvel Organum, Essais de morale et de politique, De la sagesse des anciens$9(OLS)http://semarc/title/112643